000 00296nam a22001337a 4500
008 171018b xxu||||| |||| 00| 0 eng d
020 _a9780137441860
041 _aeng
080 _a338
100 _a53
101 _aMEN
245 _aDECISION SUPPORT SYSTEMS
_cMARAKAS,G. M
942 _2udc
_cBK
999 _c34758
_d34758